Going to waste (Record no. 74595)

MARC details
000 -LEADER
fixed length control field 01029cab a2200241 4500
001 - CONTROL NUMBER
control field ABS68486
008 - FIXED-LENGTH DATA ELEMENTS--GENERAL INFORMATION
fixed length control field 041109n2004 000 0 eng u
035 ## - SYSTEM CONTROL NUMBER
System control number (Sirsi) u127921
100 ## - MAIN ENTRY--PERSONAL NAME
Personal name Ross, M.
245 ## - TITLE STATEMENT
Title Going to waste
260 ## - PUBLICATION, DISTRIBUTION, ETC.
Date of publication, distribution, etc. 2004
490 ## - SERIES STATEMENT
Series statement Regeneration and Renewal
Volume/sequential designation 22 October 2004, 20-21(2)
520 ## - SUMMARY, ETC.
Summary, etc. Discusses the effect of the case, "Van de Walle V Texaco Belgium SA"([2004] EUECJ C-1/03) on government plans to redevelop brownfield sites. Petrol had been leaked accidentally into the ground and the court ruled that the petrol should be considered as waste even while it remained undisturbed in the ground. Such a ruling could lead to contaminated sites being reclassified as waste dumps.
590 ## - LOCAL NOTE (RLIN)
Local note ABS
650 ## - SUBJECT ADDED ENTRY--TOPICAL TERM
Topical term or geographic name entry element WASTE SITES
650 ## - SUBJECT ADDED ENTRY--TOPICAL TERM
Topical term or geographic name entry element LANDFILL SITES
650 ## - SUBJECT ADDED ENTRY--TOPICAL TERM
Topical term or geographic name entry element BROWNFIELD DEVELOPMENT
650 ## - SUBJECT ADDED ENTRY--TOPICAL TERM
Topical term or geographic name entry element VAN DE WALLE V TEXACO BELGIUM SA
650 ## - SUBJECT ADDED ENTRY--TOPICAL TERM
Topical term or geographic name entry element Contamination
9 (RLIN) 6231
650 ## - SUBJECT ADDED ENTRY--TOPICAL TERM
Topical term or geographic name entry element WALLE CASE
690 ## - LOCAL SUBJECT ADDED ENTRY--TOPICAL TERM (OCLC, RLIN)
Topical term or geographic name as entry element ENVIRONMENTAL AND LAND CONSULTANCY-WASTE MANAGEMENT
942 ## - ADDED ENTRY ELEMENTS (KOHA)
Suppress in OPAC 0
Holdings
Withdrawn status Lost status Source of classification or shelving scheme Damaged status Not for loan Home library Current library Shelving location Date acquired Total Checkouts Full call number Barcode Date last seen Copy number Price effective from Koha item type
    Dewey Decimal Classification     London London Journal article 09/11/2004   ABS68486 127921-1001 06/08/2019 1 06/08/2019 Journal article